MARC

LEADER 00000nam0a2200000 4500
001 373708
005 20231102012606.0
035 |a (RuTPU)RU\TPU\retro\31138 
035 |a RU\TPU\book\116445 
090 |a 373708 
100 |a 20221216d1978 m y0rusy50 ca 
101 0 |a rus 
102 |a RU 
105 |a y z 000zy 
200 1 |a Октябрь и национальный вопрос в Сибири. 1917-1923 гг.  |f В. А. Демидов  |g Академия наук СССР (АН СССР), Сибирское отделение (СО), Институт истории, филологии и философии ; Новосибирский государственный университет (НГУ) 
210 |a Новосибирск  |c Наука  |d 1978 
215 |a 367 с. 
606 1 |a Национальная политика  |y Россия  |y СССР  |2 stltpush  |3 (RuTPU)RU\TPU\subj\45199  |9 64457 
606 1 |a Сибирь  |x История  |2 stltpush  |3 (RuTPU)RU\TPU\subj\67153  |9 83036 
610 1 |a КПСС 
610 1 |a сибирские организации 
610 1 |a национальный вопрос 
686 |a Ф5(2)  |v LBC/SL-A  |2 rubbk 
686 |a Т3(253.3)  |v LBC/SL-A  |2 rubbk 
700 1 |a Демидов  |b В. А.  |g Виктор Александрович 
712 0 2 |a Академия наук СССР (АН СССР)  |b Сибирское отделение (СО)  |b Институт истории, филологии и философии  |c (Новосибирск)  |2 stltpush  |3 (RuTPU)RU\TPU\col\11501 
712 0 2 |a Новосибирский государственный университет (НГУ)  |2 stltpush  |3 (RuTPU)RU\TPU\col\721 
801 1 |a RU  |b 63413507  |c 20070109  |g PSBO 
801 2 |a RU  |b 63413507  |c 20221216  |g PSBO 
942 |c BK